| 000 | 00357nam a2200157Ia 4500 | ||
|---|---|---|---|
| 001 | 4270 | ||
| 003 | IN-NITTTR | ||
| 005 | 20251114232958.0 | ||
| 008 | 251113s9999||||xx |||||||||||||| ||eng|| | ||
| 040 | _beng | ||
| 040 | _cIN-NITTTR | ||
| 041 | _aeng | ||
| 082 | _a624.01 P41C | ||
| 245 | 0 | _aConstruction planning, equipment, and methods. / | |
| 942 |
_2ddc _cBK |
||
| 999 |
_c6906 _d6906 |
||